<?xml version="1.0" encoding="UTF-8"?>
<marc:record xmlns:marc="http://www.loc.gov/MARC21/slim">
   <marc:leader>00000nam a2200000 a 4500</marc:leader>
   <marc:datafield ind1="1" ind2=" " tag="100">
      <marc:subfield code="a">Funke, Fritz</marc:subfield>
      <marc:subfield code="4">aut</marc:subfield>
      <marc:subfield code="e">Verfasser/-in</marc:subfield>
   </marc:datafield>
   <marc:datafield ind1=" " ind2=" " tag="653">
      <marc:subfield code="a">Geschichte</marc:subfield>
   </marc:datafield>
   <marc:datafield ind1=" " ind2=" " tag="653">
      <marc:subfield code="a">Buch</marc:subfield>
   </marc:datafield>
   <marc:datafield ind1="0" ind2="0" tag="245">
      <marc:subfield code="a">Buchkunde</marc:subfield>
   </marc:datafield>
   <marc:datafield ind1="0" ind2="0" tag="245">
      <marc:subfield code="b">die historische Entwicklung des Buches von der Keilschrift bis zur Gegenwart</marc:subfield>
   </marc:datafield>
   <marc:datafield ind1="0" ind2="0" tag="245">
      <marc:subfield code="c">Fritz Funke</marc:subfield>
   </marc:datafield>
   <marc:datafield ind1=" " ind2="1" tag="264">
      <marc:subfield code="a">Wiesbaden</marc:subfield>
      <marc:subfield code="b">VMA-Verl.</marc:subfield>
      <marc:subfield code="c">2006</marc:subfield>
   </marc:datafield>
   <marc:datafield ind1="1" ind2=" " tag="490">
      <marc:subfield code="a">Albus</marc:subfield>
   </marc:datafield>
   <marc:datafield ind1=" " ind2=" " tag="250">
      <marc:subfield code="a">Sonderausg.</marc:subfield>
   </marc:datafield>
   <marc:datafield ind1="1" ind2=" " tag="520">
      <marc:subfield code="a">Angaben aus der Verlagsmeldung

Buchkunde : Die historische Entwicklung des Buches von der Keilschrift bis zur Gegenwart / von Fritz Funke

Die erstmals im Jahre 1985 erschienen "Buchkunde" wurde zu einem bis heute unübertroffenenen Standartwerk für Bibliothekare und Buchgestaler, sowie für den grossen Leserkreis der kulturgeschichtlich Interressierten. Die hier voliegende 6. überarbeitet und ergänzte Auflage berücksichtigt die Veränderungen im Buch-und Druckwesen, die sich vor allen durch die Computertechnik in den letzen Jahren ergeben haben.

Aus dem Inhalt:
-Die Schrift
-Die Enstehung der Buchstabenschrift
-Das Alphabet und seine Entwicklung
-Schreibmeister und Schreibkünstler
-Formen der Druckschrift
-Künstlerschriften im 19. und 20. Jahrhundert
-Das Papier
-Das geschrieben Buch und seine Herstellung
-Tontafel, Buchrolle, Kodex
-Mittelalterliche Handschrift
-Buchmalerei in Europa
-Erfindung des Buchdrucks
-Gutenberg
-Ausbreitung des Buchdrucks in Europa
-Die Industrialisierung der Buchherstellung
-Herstellung und Gestaltung des Bucheinbandes
-Stilmerkmale des Einbandes vom Mittelalter bis zum 20. Jahrhunderts
</marc:subfield>
   </marc:datafield>
   <marc:datafield ind1=" " ind2=" " tag="020">
      <marc:subfield code="a">9783928127950</marc:subfield>
      <marc:subfield code="9">9783928127950</marc:subfield>
   </marc:datafield>
   <marc:datafield ind1=" " ind2=" " tag="020">
      <marc:subfield code="a">3928127950</marc:subfield>
      <marc:subfield code="9">3928127950</marc:subfield>
   </marc:datafield>
   <marc:datafield ind1=" " ind2=" " tag="041">
      <marc:subfield code="a">ger</marc:subfield>
   </marc:datafield>
   <marc:datafield ind1=" " ind2=" " tag="300">
      <marc:subfield code="a">396 S.</marc:subfield>
   </marc:datafield>
</marc:record>
